000
00246nam a2200097Ia 4500
001
652256
005
20250826154435.0
008
250824s9999 xx 000 0 und d
245
0
_a
YEŞİL KİRAZ
_c
GÜLTEN DAYIOĞLU
260
_b
YAPI KREDİ YAYINLARI
999
_c
652256
_d
652256